Statistics for WWE ALL Men's World Champions Quiz

Click here to take the quiz!

General Stats

  • This quiz has been taken 65 times
    (64 since last reset)
  • The average score is 51 of 67

Answer Stats

WWEWHC1UNVWHC2TotalDaysWrestler% Correct
10414818Randy Orton
100%
2215716Seth Rollins
98%
95141225Triple H
98%
4262233Roman Reigns
96%
88367The Rock
96%
73101511Brock Lesnar
94%
662185Hulk Hogan
94%
133161408John Cena
94%
112155Kane
94%
1184Dean Ambrose
92%
213312Drew McIntyre
92%
66529"Stone Cold" Steve Austin
92%
123175Bray Wyatt
90%
224150Big Show
88%
11*1PresCody Rhodes
88%
11PresDamian Priest
88%
314424Shawn Michaels
88%
437445The Undertaker
88%
55654Bret "The Hitman" Hart
86%
134204Chris Jericho
86%
235622CM Punk
86%
4711548Edge
86%
123141Rey Mysterio
86%
246544Batista
82%
22217Bobby Lashley
82%
224040Bruno Sammartino
82%
415315Daniel Bryan
82%
11180Kofi Kingston
82%
22168The Miz
82%
224307Alberto Del Rio
80%
123139Goldberg
80%
12370Jeff Hardy
80%
314393Sheamus
80%
22511A.J. Styles
78%
111Finn Balor
78%
11110Big E
76%
11133Eddie Guerrero
76%
11170Jinder Mahal
76%
415379Kurt Angle
76%
1191Mark Henry
75%
22118"Nature Boy" Ric Flair
75%
22280Yokozuna
75%
11154Chris Benoit
73%
2230Christian
73%
11280John "Bradshaw" Layfield
73%
11188Kevin Owens
73%
222121Bob Backlund
69%
11150Braun Strowman
69%
22520"Macho Man" Randy Savage
69%
1182Jack Swagger
67%
11293The Ultimate Warrior
67%
11358Diesel
65%
2269Dolph Ziggler
65%
116Vince McMahon
65%
111Andre The Giant
61%
11126Booker T
61%
3347Mankind
61%
1122Rob Van Dam
61%
1161The Great Khali
61%
2297Sycho Sid
59%
111027Pedro Morales
57%
1128The Iron Sheik
55%
1164Sgt. Slaughter
49%
1136"Nature Boy" Buddy Rogers
47%
11296"Superstar" Billy Graham
47%
1121Ivan Koloff
45%
119Stan Stasiak
31%

Score Distribution

Percentile by Number Answered

Percent of People with Each Score

Your Score History

You have not taken this quiz since the last reset